| 000 | nam a22 a 4500 | ||
|---|---|---|---|
| 999 |
_c3501 _d3501 |
||
| 005 | 20170523095456.0 | ||
| 008 | 170523b2000 ||||| |||| 00| 0 eng d | ||
| 020 | _a0074637770 | ||
| 040 | _aAKMAL | ||
| 082 | _a658.42 KHA | ||
| 090 |
_a658.42 _bKHA |
||
| 100 | 1 |
_aSatish Khanna _97003 |
|
| 245 | 1 |
_aThe Future Manager : _bA Value Builder For Tommorw's Organization _cSatish Khanna |
|
| 260 |
_aNew Delhi _bTata McGraw-Hill Publishing Company Limited _c2000 |
||
| 300 |
_a178p _c24cm |
||
| 650 |
_amanagement _91462 |
||
| 942 |
_2ddc _cBOOK |
||